000 nam a22 a 4500
999 _c2612
_d2612
005 20170517120908.0
008 170517b1981 enk||||| |||| 00| 0 eng d
020 _a0442256302
040 _aAKMAL
082 _a616.85/82 REI
090 _a616.85/82
_bREI
245 _aThe Treatment of antisocial syndromes /
_cedited by Willaim H. Reid.
260 _aNew York.
_aLondon
_bVan Nostrand Reinhold
_cc1981.
300 _axvi,269p.
_c24cm
500 _aIncludes index.
650 _aAntisocial personality disorders.
_95446
650 _aAntisocial personality disorder
_xTherapy.
_95447
700 _aReid, W. H.
_d1926-
_q(William Hill)
_95448
942 _2ddc
_cBOOK